00466 a2200157 45000010006000000050017000060080041000230030015000640400040000790800031001192450056001502640033002063000026002390410008002651000035002736222720260407155916.0260407a1981 arg spa dAR-UNSa-BCEJYS aAR-UNSa-BCEJYSbspacAR-UNSa-BCEJYS a349.2xDerecho del Trabajo10aLos menores y las mujeres en el derecho del trabajo 1aBuenos Aires :bAstreac1981 axxiii, 345 p.c23 cm. aspa1 aMartínez Vivot, Julio José